=LDR 00000nam 2200000 4500 =001 NUTBA000000000002854 =005 20140704163335.0 =006 =007 =008 =020 ##$$a978-602-8361-78-1 =035 ##$$a 0010-071400000000042 =082 ##$$a 350 =100 ##$$a AFIFFUDDIN =245 ##$$a PENGANTAR ADMINISTRASI PEMBANGUNAN =260 ##$$a BANDUNG $b ALFABETA $c 2010 =990 ##$$a 21400613/BPAP-NTB/20142014